| 000 | 00406pab a2200157 454500 | ||
|---|---|---|---|
| 008 | 180718b1997 xxu||||| |||| 00| 0 eng d | ||
| 100 | _aHarrop, Martin | ||
| 245 | _aThe pendulum swings: the British elections of 1997 | ||
| 260 | _c1997 | ||
| 300 | _ap.305-19 | ||
| 362 | _aSummer | ||
| 650 | _aElections - Great Britain | ||
| 650 | _aElections | ||
| 773 | _aGovernment and Opposition | ||
| 909 | _a35219 | ||
| 999 |
_c35219 _d35219 |
||